Biblioteca

La capacitación de líderes siervos (Registro nro. 52279)

Detalles MARC
000 -LÍDER
Campo fijo de descripción fija 01043aab a2200193 i 4500
001 - NÚMERO DE CONTROL
Campo de control 768714001
003 - IDENTIFICADOR DEL NÚMERO DE CONTROL
Campo de control CO-MdFUSB
005 - FECHA Y HORA DE LA ULTIMA TRANSACCIÓN
control field 20240422145228.0
008 - ELEMENTOS DE LONGITUD FIJA -- INFORMACIÓN GENERAL
Campo fijo de descripción fija -- Información general 221109s1997 ag ||||| |||| 00| 0 spa d
040 ## - FUENTE DE CATALOGACIÓN
Idioma de catalogación spa
Agencia que realiza la transcripción CO-MdFUSB
Agencia que realiza la modificación CO-MdFUSB
041 ## - CÓDIGO DE IDIOMA
Código de idioma para texto/pista de sonido o título separado spa
100 1# - ASIENTO PRINCIPAL--NOMBRE PERSONAL
Nombre personal Atiencia, Jorge
Término relacionador autor
245 13 - TÍTULO
Título La capacitación de líderes siervos
Mención de responsabilidad / Jorge Atiencia
300 ## - DESCRIPCIÓN FÍSICA
Extensión Volumen 17, número 1 (enero - marzo, 1998), páginas: 13 - 15
Dimensiones ; 27 cm
520 ## - NOTA DE RESUMEN, ETC.
Nota de sumario, etc. En este momento la capacitación se nutre y surge a partir del concepto de equipo, que capitaliza diversidad de disciplinas, matices de fe, experiencias nacionales y subregionales. La obra ha crecido; en consecuencia, también han crecido los recursos y la experiencia.<br/>La fe y la universidad condujeron a la utilización de células de estudio Bíblico como órgano y espacio para compartir el evangelio.
650 #0 - ASIENTO SECUNDARIO DE MATERIA - TERMINO TEMÁTICO
9 (RLIN) 2014
Término temático o nombre geográfico como elemento de entrada Liderazgo
773 0# - ASIENTO DE ITEM FUENTE
Título Iglesia y Misión
Biblionumber 49402
Itemnumber 59635
Parte(s) relacionada(s) / Volumen., número. (mes año), páginas Volumen 17, número 1 (enero - marzo, 1998), páginas: 13 - 15
Enumeración y primera página Páginas: 13
942 ## - TIPO DE MATERIAL (KOHA)
Tipo de Item KOHA Artículos de Revista

No hay ítems disponibles.

Biblioteca FUSBC | Teléfono: (57+4) 349 88 10 Ext. 141| WhatsApp (+57) 3005338115 
E-mail: biblioteca@unisbc.edu.co | Calle 76 87-14 Robledo Palenque, Medellín, Colombia

Con tecnología Koha